| 000 | 00564nam a22001817a 4500 | ||
|---|---|---|---|
| 005 | 20251108165422.0 | ||
| 008 | 250721s1991 xx 000 0 ara d | ||
| 082 | 1 | 4 | _aم/213.4/نيس |
| 100 | 1 | _aالنيسابوري، أبو الحسين مسلم بن الحجاج | |
| 245 | 1 | 0 | _aصحيح مسلم / |
| 264 | 1 |
_aالقاهره : _bدار الحديث، _c1991. |
|
| 300 | _a5ج. | ||
| 650 | 1 | 7 | _aالإسلام |
| 650 | 1 | 7 | _aالحديث الشريف |
| 700 | 1 |
_aعبد الباقي، محمد فؤاد _eتحقيق |
|
| 942 |
_2ddc _cREF |
||
| 999 |
_c27445 _d27445 |
||